00945nam a2200229 a 450000100100000000500170001000800410002704000250006808200110009310000340010424501160013826000620025430000270031649000560034365000290039965000310042870000500045983000630050904900090057295201170058199900170069800001923820200929165946.0100528s2005 sp a r 000 p spa d aDO-SdBNPbspacBNPHU a861.441 aNova Luna, Julián de94139610aEntre la naturaleza :bfotografías y poemas /cJulián de Nova Luna ; prólogo Ángel-Pedro Gómez Pazos. aCiudad Real, España :bGrupo Literario Guadiana,c2005. a51 p. :bil. ;c24 cm.1 aColección bibliográfica especial primavera 2005 4aPoesía española9631 4aLiteratura española96321 aGómez Pazos, Ángel-Pedro,epról.941397 0aColección bibliográfica especial primavera 2005941398 aBNGR 001054708MOaGRbGRcCTd2010-05-28iLF1l0o861.44 p19238-10r2020-06-25w2020-06-25y4ZPréstamo en sala c18756d18756